000 00210nam a22000857a 4500
008 161209b xxu||||| |||| 00| 0 eng d
100 _91964
_aSingh.N.etal
245 _aPhysics-I,II..X
260 _aNew Delhi
_bAPC
_c2011
999 _c4758
_d4758